Sudden Death: Misspellings #3 - Statistics

General Stats
  • This quiz has been taken 611 times
  • The average score is 4 of 16
Answers on the Grid
Answers color-coded by a green-red scale on the quiz's grid according to % correct below.
chauffeur
continous
deceipt
dilemma
drunkenness
hors d’oeurve
idiosyncrasy
indispensible
innoculate
kaleidascope
loathesome
miniscule
miniture
mischievious
mosquito
pavillion
pigeon
priviledge
propaganda
queue
restaurant
rhythm
ridiculous
sacriligious
suddeness
supersede
threshold
tomatoes
unforseen
until
viscious
yacht
 
Answer Stats
Answer % Correct
miniature miniture
50%
kaleidoscope kaleidascope
47%
privilege priviledge
46%
continuous continous
44%
deceit deceipt
33%
sacrilegious sacriligious
30%
suddenness suddeness
29%
vicious; viscous viscious
26%
mischievous mischievious
23%
unforeseen unforseen
23%
hors d’oeuvre hors d’oeurve
21%
loathsome loathesome
20%
pavilion pavillion
18%
indispensable indispensible
15%
inoculate innoculate
15%
minuscule miniscule
12%
No matching quizzes found
Score Distribution
Percent of People with Each Score
Percentile by Number Answered
Your Score History
You have not taken this quiz